Journal of the Royal Statistical Society

Uložené v:
Podrobná bibliografia
Médium: Seriál
Jazyk:English
Vydavateľské údaje: London Royal Statistical Society 1981
Predmet:
Tagy: Pridať tag
Žiadne tagy, Buďte prvý, kto otaguje tento záznam!

MARC

LEADER 00000nas2a2200000 4500
001 s123701
005 20250730114223.3
041 0 |a eng 
044 |a GB 
245 1 0 |a Journal of the Royal Statistical Society 
264 1 |a London  |b Royal Statistical Society  |c 1981 
300 |a 1 zv. 
773 0 |w eu_un_cat*s120858 
610 2 0 |a štatistika 
610 2 0 |a metodológia